000 00868nam a2200289Ia 4500
001 12854
005 20240113235416.0
007 ta
008 051026s1960 a g b000 u asm u
040 _aCotton College,Assam
041 _aasm
082 _a891.4109
_bC 459 B
100 _aChowdhury, Raghunath .
245 0 _aBezbaruar Sahitya Pratibha /
_cRaghunath Chowdhury, Harichandra Bhattacharya & Atul Ch. Hazarika.
_hTextual Documents
250 _a2nd ed. /
260 _aGuwahati :
_bSahitya Prakash ,
_c1960.
300 _a94p. :
_bill ;
_c22cm .
653 _aAssamese Literature-Criticism
653 _aAssamese Literature-Lakshminath Bezbarua
653 _aG-Assamese
700 _aBhattacharya, Harichandra .
700 _aHazarika, Atul Ch. .
942 _2ddc
_cBK
999 _c12840
_d12840